<?xml version="1.0" encoding="UTF-8"?><?xml-stylesheet type="text/xsl" href="static/style.xsl"?><OAI-PMH xmlns="http://www.openarchives.org/OAI/2.0/" xmlns:xsi="http://www.w3.org/2001/XMLSchema-instance" xsi:schemaLocation="http://www.openarchives.org/OAI/2.0/ http://www.openarchives.org/OAI/2.0/OAI-PMH.xsd"><responseDate>2026-04-14T13:42:38Z</responseDate><request verb="GetRecord" identifier="oai:uvadoc.uva.es:10324/68614" metadataPrefix="marc">https://uvadoc.uva.es/oai/request</request><GetRecord><record><header><identifier>oai:uvadoc.uva.es:10324/68614</identifier><datestamp>2024-07-08T19:01:08Z</datestamp><setSpec>com_10324_1190</setSpec><setSpec>com_10324_931</setSpec><setSpec>com_10324_894</setSpec><setSpec>col_10324_1352</setSpec></header><metadata><record xmlns="http://www.loc.gov/MARC21/slim" xmlns:doc="http://www.lyncode.com/xoai" xmlns:xsi="http://www.w3.org/2001/XMLSchema-instance" xmlns:dcterms="http://purl.org/dc/terms/" xsi:schemaLocation="http://www.loc.gov/MARC21/slim http://www.loc.gov/standards/marcxml/schema/MARC21slim.xsd">
<leader>00925njm 22002777a 4500</leader>
<datafield tag="042" ind1=" " ind2=" ">
<subfield code="a">dc</subfield>
</datafield>
<datafield tag="720" ind1=" " ind2=" ">
<subfield code="a">Alonso García, Eusebio</subfield>
<subfield code="e">author</subfield>
</datafield>
<datafield tag="260" ind1=" " ind2=" ">
<subfield code="c">2012</subfield>
</datafield>
<datafield tag="520" ind1=" " ind2=" ">
<subfield code="a">The Firminy Church and the machine à émouvoir of Le Corbusier The revolutionary concept of machine à habiter (the machine for living in) is complemented by the need for communicating and coexists with the machine à émouvoir (the affecting machine). Le Corbusier borrows traditional shapes, abstracts them, decomposes them, and remodels their formal and functional relations; he creates a striking and innovative architecture where evocative messages underlie. Firminy Church is a good example of the use of these mechanisms and of the moving effectiveness of the machine appropriations brought about by Le Corbusier. We identify recognizable shapes, their dismantling, their relocation and their deliberate remodeling; the anamorphosis is created, a new vision is offered, maintaining its evocative power and its recognizable quality. The architect undertakes a tough and radical alteration of the original syntax of these shapes as a mechanism to elide traditional languages. The shape of the church evokes a recognizable iconography, a dome without drum that, outside, stands on a quadrangular stylobate that forms the ground floor and holds the support services and spaces. The formal articulation is outlined by placing the icon of the dome on the functional and domestic stylobate. Concrete transforms the construction into an origami exercise; the truncated cone abstracts traditional shapes and manages the anamorphosis of the square base into a three-dimensional volume generated by the folded concrete surface. Inside, and unlike tradition, the space is not crowned by the dome; the dome is itself the space: it rises directly from the ground and holds the pews. This new floor is reached from the exterior ramp and through a separate access from the lower body. Two separate shapes, the dome and the stylobate, with their own access; two buildings on top of each other, each meeting a part of the program, each with a distinct functional and iconological condition.</subfield>
</datafield>
<datafield tag="024" ind2=" " ind1="8">
<subfield code="a">Trevisan, A.; Virtudes, A. L.; Villalobos Alonso, D.; Sales, F.; González Cubero, M. J.; Castrillo Romón, M. A. (eds.). Apropriaçoes do Movimiento Moderno – Apropriaciones del Movimeinto Moderno. Encontros do CEAA / 7 Livro de Resumos (Zamora, 2011). Porto: Centro de Estudos Arnaldo Araújo, 2012, p. 63-70</subfield>
</datafield>
<datafield tag="024" ind2=" " ind1="8">
<subfield code="a">978-972-8784-41-6</subfield>
</datafield>
<datafield tag="024" ind2=" " ind1="8">
<subfield code="a">https://uvadoc.uva.es/handle/10324/68614</subfield>
</datafield>
<datafield tag="024" ind2=" " ind1="8">
<subfield code="a">63</subfield>
</datafield>
<datafield tag="024" ind2=" " ind1="8">
<subfield code="a">70</subfield>
</datafield>
<datafield tag="024" ind2=" " ind1="8">
<subfield code="a">Apropriaçoes do Movimiento Moderno – Apropriaciones del Movimeinto Moderno. Encontros do CEAA / 7</subfield>
</datafield>
<datafield ind1=" " ind2=" " tag="653">
<subfield code="a">Arquitectura moderna - Siglo XX - Portugal</subfield>
</datafield>
<datafield ind1=" " ind2=" " tag="653">
<subfield code="a">Arquitectura moderna - Siglo XX - España</subfield>
</datafield>
<datafield ind1=" " ind2=" " tag="653">
<subfield code="a">Arquitectura portuguesa</subfield>
</datafield>
<datafield ind1=" " ind2=" " tag="653">
<subfield code="a">Arquitectura española</subfield>
</datafield>
<datafield tag="245" ind1="0" ind2="0">
<subfield code="a">La Iglesia de Firminy y la machine à émouvoir de Le Corbusier</subfield>
</datafield>
</record></metadata></record></GetRecord></OAI-PMH>